| 000 | 00781nam a22002177a 4500 | ||
|---|---|---|---|
| 005 | 20251108171737.0 | ||
| 008 | 250721s1996 xx 000 0 ara d | ||
| 082 | 1 | 4 | _aط/ق/حسن |
| 100 | 1 | _aحسن، محمد يوسف أحمد | |
| 245 | 1 | 0 | _aرحلة السندباد الحمال في مصر أرض الجمال / |
| 264 | 1 |
_aالقاهره : _bوزارة الثقافة : الهيئة المصرية العامة للكتاب، _c1996. |
|
| 300 | _a68ص | ||
| 490 | 0 | _aجائزة سوزان مبارك ، 1996 | |
| 650 | 1 | 7 | _aأدب الأطفال |
| 650 | 1 | 7 | _aالقصص العربية |
| 650 | 1 | 7 | _aالروايات |
| 653 | _aناشؤون صغار (10-14) سنة | ||
| 700 | 1 |
_aالدين، ماجد كمال _eرسوم |
|
| 942 |
_2ddc _cBK |
||
| 999 |
_c61380 _d61380 |
||